000 01010nam a2200253Ia 4500
003 Ost
005 20260507075652.0
008 260507s9999||||xx |||||||||||||| ||und||
020 _a5014374977
040 _cfsecg
041 _aara
082 _a346.082170285467
100 _aغنام، شريف محمد
_eمؤلف
245 0 _aمحفظة النقود الإلكترونية :
_bرؤية مستقبلية /
_c شريف محمد غنام
260 _a[دون مكان]:
_bدار النهضة العربية,
_c[د.ت]
300 _a179 صفحة؛
_c24 سم
504 _aالمراجع ص.164
520 _aالتعريف بمحفظة النقود الإلكترونية- التنظيم القانوني لمحفظة النقود الإلكترونية.
653 _aالتجارة الإكترونية- القوانين و الأنظمة
653 _aالنقود
653 _aالنقود الإلترونية
653 _aقانون البنوك- عالم عربي
942 _cكتاب
999 _c45619
_d45619